000 00296nam a22001337a 4500
008 181023b xxu||||| |||| 00| 0 eng d
020 _a9780323113403
041 _aeng
080 _a610
100 _a4
101 _aSHM
245 _aExploring Medical Language
_cBrooks, M.L
942 _2udc
_cBK
999 _c50613
_d50613